000 01004nam a2200241 i 4500
001 186209
003 ES-MaACL
005 20231201120044.0
008 160919s2010 xxuac |||| |dspa d
020 _a145365254X
080 _a821.134.2(729.1)-1"19"
100 1 _aConte Agüero, Luis.
_940271
245 1 0 _aHagamos el amor y mucho más /
_cLuis Conte Agüero ; [prólogo, Paulina Fátima].
260 _aMiami, Florida :
_bPrinted Fine Arts,
_c2010.
300 _a168 p. :
_bil. ;
_c26 cm.
505 8 _aContiene: ;
_tAteneo de Madrid [recorte de prensa, 5 jun. 1975] ;
_tPoesía cubana en el Ateneo de Madrid /
_rpor Humberto Piñera
700 1 _aPiñera, Humberto.
_992267
852 _aES-MaACL
_jA-13788
_zDedicatoria autógrafa del autor
_9 193264
_bR.151156
_cDEPO1
_dOlim: N-6788
_gDedicatoria autógrafa del autor
_hDonación: Luis Conde Agüero
903 _940271
_aConte Agüero, Luis
_ednr
942 _2udc
_cMONOGRAFIA
999 _c186209
_d186209